| 000 | 01241cam a2200385Ma 4500 | ||
|---|---|---|---|
| 001 | 59694 | ||
| 005 | 20230410123634.0 | ||
| 008 | 070221s2007 sp b 001 0 spa d | ||
| 035 | _a(OCoLC)ocn183928674 | ||
| 040 |
_aNNC-L _cZCL |
||
| 020 | _a9788497684606 | ||
| 020 | _a8497682610 | ||
| 020 | _a9788497682619 | ||
| 035 | _a(OCoLC)183928674 | ||
| 043 | _ae-sp--- | ||
| 050 | 1 | 4 |
_aKKT 3062 _bL864i 2007 |
| 082 | 0 | 0 | _a346.045 |
| 100 | 1 | _aLópez Ramón, Fernando. | |
| 245 | 1 | 0 |
_aIntroducción al derecho urbanístico / _cFernando López Ramón. |
| 250 | _a2a ed. | ||
| 260 |
_aMadrid : _bMarcial Pons, Ediciones juridicas y sociales , _c2007. |
||
| 300 |
_a211 p. ; _c24 cm. |
||
| 490 | 1 | _aManuales universitarios | |
| 504 | _aIncludes bibliographical references and indexes. | ||
| 650 | 0 |
_aCity planning and redevelopment law _zSpain. |
|
| 650 | 0 |
_aUrbanization _zSpain. |
|
| 650 | 4 |
_aDerecho urbanístico _zEspaña. |
|
| 650 | 4 |
_aUrbanismo _xLegislación _zEspaña. |
|
| 650 | 4 |
_aUrbanismo _zEspaña |
|
| 830 | 0 | _aManuales universitarios (Madrid, Spain) | |
| 856 | 4 | 2 |
_3Mas?... busque en WorldCat (solo desde FUNGLODE) _uwww.firstsearch.oclc.org/fsip |
| 942 |
_2lcc _cbk |
||
| 946 | _amfcruz | ||
| 994 |
_aC0 _bDRFGD |
||
| 999 |
_c65359 _d65359 |
||